| 000 | 00989 a2200265 4500 | ||
|---|---|---|---|
| 001 | 76939 | ||
| 111 | 0 |
_961023 _aCultural Studies Symposium _n(7th : _d2002 : _cİzmir, Turkey) |
|
| 999 |
_c76939 _d24815 |
||
| 003 | TR-AnTOB | ||
| 005 | 20200615114809.0 | ||
| 008 | 091102s2003 tu 00000 tur | ||
| 020 | _a9754835896 | ||
| 041 | _atur | ||
| 050 |
_aJV6013 _b.C85 2003 |
||
| 090 | _aJV6013 .C85 2003 | ||
| 245 | 0 |
_aSelves at home, selves in exile : _bstories of emplacement and displacement:proceedings of the Seventh Cultural Studies Symposium, Ege University, Izmir, May 2002 / _cedited by Ayşe Lahur Kırtunç...[ve bşkl.]. |
|
| 264 | 1 |
_aİzmir: _bAmerican Studies Association of Turkey;, _c2003. |
|
| 300 |
_a263 s.; _c24 cm. |
||
| 590 | _aSn.Prof.Dr.İhsan Sezal tarafından bağışlanmıştır. | ||
| 650 | 7 |
_aKimlik (Psikoloji) _vKongreler _2etuturkob _961025 |
|
| 650 | 0 |
_aIdentity (Psychology) _vCongresses _961024 |
|
| 902 | _a0030427 | ||
| 903 | _aMerkez Kütüphane | ||
| 945 | _aP.Ç,C.Ş | ||
| 942 | _cBK | ||